000
00301 a2200157 4500
001
178526
020
_a
040
_c
Magnum
100
_a
Eko
240
1
0
_a
A pequena sereia
_l
por
245
1
0
_a
A pequena sereia
362
0
_a
1899
440
1
_a
Eko
697
_a
MAGNITO: I/CONTO
942
_c
BK
999
_c
178526
_d
178526